OPAC Home

භෛෂජ්‍ය ගුණ දර්පණය (Record no. 144680)

MARC details
000 -LEADER
fixed length control field 00414nam a2200145 4500
003 - CONTROL NUMBER IDENTIFIER
control field LK-CoDNM
005 - DATE AND TIME OF LATEST TRANSACTION
control field 20240129143417.0
008 - FIXED-LENGTH DATA ELEMENTS--GENERAL INFORMATION
fixed length control field 240129b |||||||| |||| 00| 0 eng d
040 ## - CATALOGING SOURCE
Original cataloging agency LK-CoDNM
Modifying agency LK-CoDNM
Description conventions LK-CoDNM
080 ## - UNIVERSAL DECIMAL CLASSIFICATION NUMBER
Universal Decimal Classification number 104
Item number N 9
942 ## - ADDED ENTRY ELEMENTS (KOHA)
Suppress in OPAC 0
Koha item type Books
100 ## - MAIN ENTRY--PERSONAL NAME
Personal name කරුණාදාස,ඩබ්ලිව්.ඒ.සී
245 ## - TITLE STATEMENT
Title භෛෂජ්‍ය ගුණ දර්පණය
260 ## - PUBLICATION, DISTRIBUTION, ETC. (IMPRINT)
Date of publication, distribution, etc. 1914
Holdings
Withdrawn status Lost status Damaged status Not for loan Permanent Location Current Location Date acquired Full call number Barcode Koha item type
    Damaged   Library National Museum Colombo - Sri Lanka Library National Museum Colombo - Sri Lanka 2024-01-29 104 N 9 OB1055 8 Books
Copyright © 2023 Department of National Museum, Colombo 07, Sri Lanka Funded by UNESCO IFAP UNESCO